000
00341nam a2200157Ia 4500
003
Ost
005
20260225132549.0
008
260225s9999||||xx |||||||||||||| ||und||
040
_c
fsic
041
_a
fre
082
_a
440
100
_a
Amar dhina
_e
Auteur
245
0
_a
Califes et souverains /
245
0
_c
Amar dhina
942
_c
كتاب
999
_c
34024
_d
34024